000
00331nam a2200133Ia 4500
008
240624s9999 xx 000 0 und d
041
_a
eng
082
_a
650.1 BAK
100
_a
BAKER WAYNE E
245
_a
ACHIEVING SUCCESS THROUGH SOCIAL CAPITAL
260
_c
2012
_a
networks
_b
Jossey-Bass
300
_a
256 : p.
365
_c
_b
25
999
_c
23535
_d
23535